Представление документа в формате MARC21

Поле Инд. ПП Название Значение
Тип записи a
Библиографический уровень b
001 Контрольный номер RU/IS/BASE/289672561
005 Дата корректировки 20200630193250.7
008 Кодируемые данные 20090306
040 b Код языка каталог. rus
e Правила каталог. PSBO
041 0_ a Код языка текста rus
084 a Индекс другой классификации/Индекс ББК 82.3(4Гем)-48
100 1_ a Автор Петрова М. В.
245 10 a Заглавие Диалогичность как характерная стилистическая и структурообразующая особенность немецкого детского фольклора
504 a Библиография Библиогр.: с. 119
650 04 a Основная рубрика фольклор
a Основная рубрика филологические науки
653 0_ a Ключевые слова Германия
a Ключевые слова детские стихотворения
a Ключевые слова детский фольклор
a Ключевые слова диалогичность
a Ключевые слова литературоведение
a Ключевые слова стилистика
a Ключевые слова стихотворения
773 08 t Заглавие источника Вестник Московского университета. Серия 9, Филология
d Дата издания источника 2008
g Прочая информация № 2. - С. 113 - 119
w Контрольный № источника RU/IS/BASE/286474537
901 t Тип документа b